Costa Rica en España: cultura, democracia y paz (Record no. 197216)

MARC details
000 -LEADER
campo de control de longitud fija 03698nim a2200553 i 4500
001 - NÚMERO DE CONTROL
campo de control 197216
003 - IDENTIFICADOR DE NÚMERO DE CONTROL
campo de control ES-MaACL
005 - FECHA Y HORA DE LA ÚLTIMA TRANSACCIÓN
campo de control 20250828062601.0
007 - CAMPO FIJO DE DESCRIPCIÓN FÍSICA--INFORMACIÓN GENERAL
campo de control de longitud fija ss lsnjlcipnne
008 - DATOS DE LONGITUD FIJA--INFORMACIÓN GENERAL
campo de control de longitud fija 250424s1990 sp nnnn |||| 00| spa d
040 ## - FUENTE DE CATALOGACIÓN
Lengua de catalogación spa
Centro/agencia transcriptor ES-MaACL
245 ## - MENCIÓN DEL TÍTULO
Título Costa Rica en España: cultura, democracia y paz
Medio [Grabación sonora] :
Resto del título ciclo de mesas redondas.
260 ## - PUBLICACIÓN, DISTRIBUCIÓN, ETC.
Lugar de publicación, distribución, etc. Madrid :
Nombre del editor, distribuidor, etc. Ateneo de Madrid,
Fecha de publicación, distribución, etc. 1990.
300 ## - DESCRIPCIÓN FÍSICA
Extensión 5 casetes (ca. 450 min) :
Otras características físicas son. ;
Dimensiones 11 cm
490 1# - MENCIÓN DE SERIE
Materiales especificados Actos culturales en el Ateneo de Madrid
518 ## - NOTA DE FECHA/HORA Y LUGAR DE UN ACONTECIMIENTO
Nota de fecha/hora y lugar de un acontecimiento Grabado los días 13, 15 y 16 de marzo de 1990 en el Salón de Actos del Ateneo de Madrid.
520 ## - RESUMEN, ETC.
Sumario, etc. Cinta 1. Día 13. Bases de una cultura de tradición democrática / intervienen: Jorge Sáenz Carbonell, abogado, asesor del ministro de relaciones exteriores y culto de Costa Rica; Silvia Charpantier, economista, asesora del presidente de la República de Costa Rica; Ana Cecilia Esclante, socióloga, decana de la facultad de ciencias sociales de la Universidad de Costa Rica. / modera: Don Miguel Ángel Ochoa Brun, embajador, director de la escuela diplomática de Madrid. – Cinta 2. Día 15. Apectos socio-políticos en la novela centroamericana / intervienen: Francisco Morales Padrón, director de la Real Academia Sevillana de Buenas Letras; María Elena Caballero Castegnaro, filóloga y especialista en literatura, profesora de la Universidad de Costa Rica. / modera, José Prat García. – Cintas 3,4 y 5. Día 16. Perspectivas de paz en Centroamérica / intervienen: Guadalupe Ruíz-Giménez, secretaria general de la asociación de investigaciones sobre temas iberoamericanos; Luis Guillermo Solís, abogado abogado, jefe del gabinete del Ministerio de Relaciones Exteriores y Culto de Costa Rica; Celestino del Arenal, director del departamento de derecho internacional público y relaciones internacionales de la facultad de ciencias políticas de la Universidad Complutense de Madrid; Francisco Rojas, politólogo, profesor de la Universidad Nacional, Costa Rica y de la Florida International University / modera: Carmelo Angulo, director de la agencia española de la cooperación internacional.
540 ## - NOTA DE CONDICIONES DE USO Y REPRODUCCIÓN
Condiciones de uso y reproducción Documento inédito
594 ## - Nota al título y mención de responsabilidad
a Datos basados en la invitación.
610 20 - PUNTO DE ACCESO ADICIONAL DE MATERIA--NOMBRE DE ENTIDAD CORPORATIVA
Nombre de entidad corporativa o nombre de jurisdicción como elemento de entrada Ateneo de Madrid-
Subdivisión general Actos culturales-
Subdivisión cronológica 1990-
Subdivisión de forma Grabaciones sonoras
9 (RLIN) 240083
650 #7 - PUNTO DE ACCESO ADICIONAL DE MATERIA--TÉRMINO DE MATERIA
Término de materia o nombre geográfico como elemento de entrada Democracia
Fuente del encabezamiento o término embne
9 (RLIN) 11574
651 #7 - PUNTO DE ACCESO ADICIONAL DE MATERIA--NOMBRE GEOGRÁFICO
9 (RLIN) 172654
Nombre geográfico República Federal de Centroamérica
653 ## - TÉRMINO DE INDIZACIÓN--NO CONTROLADO
Término no controlado Archivo de la palabra
655 #0 - TERMINO DE INDIZACIÓN--GENERO/FORMA
Datos o término principal de género/forma Conferencias
9 (RLIN) 234444
700 1# - ENTRADA AGREGADA--NOMBRE PERSONAL
Nombre de persona Ochoa Brun, Miguel Ángel
Término indicativo de función/relación Moderador
9 (RLIN) 157089
700 1# - ENTRADA AGREGADA--NOMBRE PERSONAL
9 (RLIN) 240273
Nombre de persona Saénz Carbonell, Jorge Francisco
Término indicativo de función/relación Orador
700 ## - ENTRADA AGREGADA--NOMBRE PERSONAL
9 (RLIN) 240275
Nombre de persona Charpantier, Silvia
Término indicativo de función/relación Orador
700 ## - ENTRADA AGREGADA--NOMBRE PERSONAL
9 (RLIN) 240276
Nombre de persona Esclante, Ana Cecilia
Término indicativo de función/relación Orador
700 1# - ENTRADA AGREGADA--NOMBRE PERSONAL
9 (RLIN) 93665
Nombre de persona Prat, José,
Fechas asociadas al nombre 1905-1994
Término indicativo de función/relación Moderador
700 1# - ENTRADA AGREGADA--NOMBRE PERSONAL
Nombre de persona Morales Padrón, Francisco,
Fechas asociadas al nombre 1924-2010
Término indicativo de función/relación Orador
9 (RLIN) 83066
700 ## - ENTRADA AGREGADA--NOMBRE PERSONAL
9 (RLIN) 240277
Nombre de persona Carballo Castegnaro, María Elena
Término indicativo de función/relación Orador
700 1# - ENTRADA AGREGADA--NOMBRE PERSONAL
Nombre de persona Angulo Barturen, Carmelo,
Fechas asociadas al nombre 1947-2022
Término indicativo de función/relación Moderador
9 (RLIN) 240278
700 1# - ENTRADA AGREGADA--NOMBRE PERSONAL
9 (RLIN) 100818
Nombre de persona Ruiz-Giménez, Guadalupe
Término indicativo de función/relación Orador
700 1# - ENTRADA AGREGADA--NOMBRE PERSONAL
9 (RLIN) 240279
Nombre de persona Solís, Luis G.
Término indicativo de función/relación Orador
700 0# - ENTRADA AGREGADA--NOMBRE PERSONAL
9 (RLIN) 22590
Nombre de persona Arenal, Celestino del
Término indicativo de función/relación Orador
700 0# - ENTRADA AGREGADA--NOMBRE PERSONAL
9 (RLIN) 99045
Nombre de persona Rojas, Francisco G. de
Término indicativo de función/relación Orador
710 2# - ENTRADA AGREGADA--NOMBRE DE ENTIDAD CORPORATIVA
9 (RLIN) 2012
Nombre de entidad corporativa o nombre de jurisdicción como elemento de entrada Ateneo de Madrid.
Unidad subordinada Sección Iberoamericana
Término indicativo de función/relación Sede
710 2# - ENTRADA AGREGADA--NOMBRE DE ENTIDAD CORPORATIVA
Nombre de entidad corporativa o nombre de jurisdicción como elemento de entrada Embajada de Costa Rica
Término indicativo de función/relación Colaborador
9 (RLIN) 240280
710 2# - ENTRADA AGREGADA--NOMBRE DE ENTIDAD CORPORATIVA
9 (RLIN) 4848
Nombre de entidad corporativa o nombre de jurisdicción como elemento de entrada Instituto de Cooperación Iberoamericana
Término indicativo de función/relación Colaborador
830 #0 - PUNTO DE ACCESO ADICIONAL DE SERIE-TÍTULO UNIFORME
Título uniforme Actos culturales en el Ateneo de Madrid
9 (RLIN) 240237
852 ## - LOCALIZACIÓN
Ubicación ES-MaACL
Ubicación en estantería Depósito Z
852 ## - LOCALIZACIÓN
Ubicación ES-MaACL
Ubicación en estantería Depósito Z
852 ## - LOCALIZACIÓN
Ubicación ES-MaACL
Ubicación en estantería Depósito Z
852 ## - LOCALIZACIÓN
Ubicación ES-MaACL
Ubicación en estantería Depósito Z
852 ## - LOCALIZACIÓN
Ubicación ES-MaACL
Ubicación en estantería Depósito Z
942 ## - ELEMENTOS DE ENTRADA SECUNDARIOS (KOHA)
Fuente del sistema de clasificación o colocación Clasificación decimal universal
Suprimir en OPAC No
Tipo de ítem Koha Casete
Holdings
Estatus retirado Estado de pérdida Fuente del sistema de clasificación o colocación Especificación de materiales (volumen encuadernado u otra parte) Estado de daño No para préstamo Colección Biblioteca de origen Biblioteca actual Ubicación en estantería Fecha de adquisición Total de préstamos Signatura topográfica completa Código de barras Visto por última vez Precio de reemplazo Tipo de ítem Koha
    Clasificación decimal universal Cinta 1     Archivo de la palabra Biblioteca del Ateneo de Madrid Biblioteca del Ateneo de Madrid Depósito Z 08/05/2025   AP/966 2025-0164 08/05/2025 08/05/2025 Casete
    Clasificación decimal universal Cinta 2     Archivo de la palabra Biblioteca del Ateneo de Madrid Biblioteca del Ateneo de Madrid Depósito Z 08/05/2025   AP/967 2025-0165 08/05/2025 08/05/2025 Casete
    Clasificación decimal universal Cinta 3     Archivo de la palabra Biblioteca del Ateneo de Madrid Biblioteca del Ateneo de Madrid Depósito Z 08/05/2025   AP/968 2025-0166 08/05/2025 08/05/2025 Casete
    Clasificación decimal universal Cinta 4     Archivo de la palabra Biblioteca del Ateneo de Madrid Biblioteca del Ateneo de Madrid Depósito Z 08/05/2025   AP/969 2025-0167 08/05/2025 08/05/2025 Casete
    Clasificación decimal universal Cinta 5     Archivo de la palabra Biblioteca del Ateneo de Madrid Biblioteca del Ateneo de Madrid Depósito Z 08/05/2025   AP/970 2025-0168 08/05/2025 08/05/2025 Casete